| 000 | nam a22 a 4500 | ||
|---|---|---|---|
| 999 |
_c2483 _d2483 |
||
| 003 | AKMAL | ||
| 005 | 20170516162509.0 | ||
| 008 | 170516s200? my e 000 0 eng d | ||
| 020 | _a9789831979396 (pbk.) | ||
| 039 | 9 |
_a201005191622 _bshuhada |
|
| 040 |
_aAKMAL _cAKMAL |
||
| 049 | _aklpmal | ||
| 082 | 0 | 4 |
_a613.284 ARO _222 |
| 090 | 2 | 0 |
_a613.284 _bARO |
| 100 | 1 |
_aArora, Anjali _cDr. _95122 |
|
| 245 | 1 | 0 |
_a5 steps to understand cholestrol / _cDr. Anjali Arora |
| 246 | 3 | 0 | _aFive steps to understand cholestrol |
| 260 |
_aKuala Lumpur : _bSynergyMedia, _c[200?] |
||
| 300 |
_a64p. : _bcol.ill. ; _c22cm. |
||
| 650 | 1 | 0 |
_aCholesterol _xHealth aspects _95157 |
| 942 |
_2ddc _cBOOK |
||